000 00318nam a2200109 4500
999 _c10746
_d10746
008 180919b ||||| |||| 00| 0 eng d
245 _aMandatory Philhealth coverage for all PWDs pushed in house bill.
260 _aPhilippines
_bManila Bulletin
_cc2016
300 _apage 3.
650 0 _937146
_aLaw.
942 _2ddc
_cPER